| 000 | 00644nam a22002057a 4500 | ||
|---|---|---|---|
| 003 | OSt | ||
| 005 | 20210301102758.0 | ||
| 008 | 210301s1990 cl ||||gr|||| 00| 0 spa d | ||
| 040 |
_aCO-JMCR _cCO-JMCR |
||
| 041 | 0 | _aspa | |
| 082 | 0 | 4 |
_223 _a346 / _bA371d |
| 100 | 1 |
_aAlessandri Rodríguez, Arturo, _eautor _913984 |
|
| 245 | 1 |
_aDerecho civil : _bteorías de las obligaciones / _cArturo Alessandri Rodríguez |
|
| 260 |
_aSantiago de Chile : _bEl esfuerzo, _c[1990] |
||
| 300 |
_a582 páginas ; _c24 cm. |
||
| 505 | 0 | _aTeoría de las obligaciones | |
| 650 | 1 | 4 |
_aObligaciones (Ley) _914117 |
| 650 | 2 | 4 |
_aDerecho civil _914118 |
| 942 |
_2ddc _cBK |
||
| 999 |
_c7377 _d7377 |
||